Top 75 Best Military (Modern day) - Statistics

General Stats
  • This quiz has been taken 71 times
  • The average score is 55 of 75
Answer Stats
Country Rank Answer % Correct
3 China
97%
1 USA
97%
7 Japan
95%
2 Russia
95%
11 France
92%
19 Germany
92%
4 India
92%
6 UK
92%
14 Iran
90%
5 South Korea
90%
12 Brazil
89%
10 Italy
89%
36 North Korea
89%
9 Pakistan
89%
27 Canada
87%
15 Egypt
87%
17 Israel
87%
29 Sweden
87%
50 Finland
85%
41 Norway
85%
33 South Africa
85%
8 Turkey
85%
28 Argentina
84%
18 Ukraine
84%
45 Iraq
82%
31 Mexico
82%
20 Spain
82%
16 Australia
80%
32 Greece
80%
21 Poland
80%
23 Saudi Arabia
80%
38 Portugal
79%
44 Colombia
77%
13 Indonesia
75%
40 Netherlands
75%
71 Austria
74%
70 Belgium
74%
47 Romania
74%
22 Vietnam
74%
61 Morocco
72%
67 New Zealand
72%
57 Venezuela
72%
58 Kazakhstan
70%
39 Nigeria
70%
26 Algeria
69%
64 Belarus
69%
52 Chile
69%
68 Cuba
69%
60 Syria
69%
25 Thailand
69%
48 Denmark
67%
54 Hungary
67%
53 Peru
66%
69 Slovakia
66%
46 Czechia
64%
34 Philippines
64%
65 Uzbekistan
64%
37 Bangladesh
62%
43 Switzerland
62%
51 UAE
62%
42 Malaysia
61%
35 Myanmar
61%
63 Qatar
61%
56 Serbia
59%
49 Ethiopia
57%
62 Bulgaria
56%
24 Taiwan
56%
72 Ecuador
54%
66 Croatia
52%
59 Azerbaijan
49%
30 Singapore
48%
75 Sri Lanka
48%
74 Tunisia
48%
55 Angola
43%
73 DRC
36%
No matching quizzes found
Score Distribution
Percent of People with Each Score
Percentile by Number Answered
Your Score History
You have not taken this quiz